Szczegóły MARC21

"Tajemnice krajobrazów Pomorza Zachodniego" : poradnik metodyczny dla nauczycieli : jak organizować wycieczki szkolne po Pomorzu Zachodnim? /

003 -Nazwa inst., której nr kontr. jest w polu 001 [,]
    • @
    • Nazwa instytucji, której n kontrolny jest w polu 001
    • NUKAT
005 -DATA I CZAS OSTATNIEJ MODYFIKACJI [,]
    • @
    • pole kontrolne
    • 20241231102919.0
020 -Międzynarod. znormalizowany nr książki - ISBN [ , ]
    • a
    • Numer ISBN
    • 9788361289166 Find
040 -Instytucja sporządzająca opis [ , ]
    • a
    • Instytucja, która sporządziła opis (NP)
    • WA M/MM
    • c
    • Instytucja, która sporządziła rekord (NP)
    • WA M/MM
    • d
    • Instytucja, która zmodyfikowała rekord (P)
    • WA M/ES
    • d
    • Instytucja, która zmodyfikowała rekord (P)
    • TOR U/UDs
942 -Rodzaj dokumentu [ , ]
    • c
    • Rodzaj dokumentu
    • Książka
100 -Hasło główne - nazwa osobowa [1, ]
    • a
    • Nazwa osobowa (NP)
    • Głąbiński, Zbigniew
    • d
    • Daty biograficzne (NP)
    • (1961- ).
    • 9
    • KHW
    • 14100
245 -Strefa tytułu i oznaczenia odpowiedzialności [1,0]
    • a
    • Tytuł
    • "Tajemnice krajobrazów Pomorza Zachodniego" : Find
    • b
    • Ciąg dalszy tytułu (NP)
    • poradnik metodyczny dla nauczycieli : jak organizować wycieczki szkolne po Pomorzu Zachodnim? / Find
    • c
    • Pozostałe elementy strefy tytułu i oznaczenia odpowiedzialności (NP)
    • Zbigniew Głąbiński, Wiesława Kamieniecka.
260 -Strefa adresu wydawniczego [ , ]
    • a
    • Miejsce wydania (P)
    • Szczecin :
    • b
    • Nazwa wydawcy (P)
    • Forum Turystyki Regionów,
    • c
    • Data wydania (P)
    • 2009.
300 -Strefa opisu fizycznego [ , ]
    • a
    • Określenie formy książki i/lub objętość (NP)
    • 64 s. :
    • b
    • Oznaczenie ilustracji (NP)
    • il. kolor. ;
    • c
    • Format (NP)
    • 24 cm.
336 -Typ zawartości [ , ]
    • a
    • Termin opisujący typ zawartości
    • Tekst
    • b
    • Kod określający zawartość
    • txt
    • 2
    • Źródło (terminu i kodu)
    • rdacontent
337 -Typ mediów [ , ]
    • a
    • Tryb odtwarzania
    • Bez urządzenia pośredniczącego
    • b
    • Kod typu mediów
    • n
    • 2
    • Źródło (terminu i kodu)
    • rdamedia
338 -Typ/rodzaj nośnika [ , ]
    • a
    • Hasło opisujące typ nośnika
    • Wolumin
    • b
    • Kod typu nośnika
    • nc
    • 2
    • Źródło (terminu i kodu)
    • rdacarrier
500 -Uwaga ogólna [ , ]
    • a
    • Uwaga ogólna (NP)
    • Publikacja powstała w ramach projektu: "Przygoda z turystyką. Doskonalenie nauczycieli w zakresie edukacji środowiskowej jako czynnik kształtowania świadomości środowiskowej i tożsamości regionalnej w województwie zachodniopomorskim".
504 -Uwaga dot. bibliogr. załącznikowej [ , ]
    • a
    • Uwaga dot. bibliografii załącznikowej
    • Bibliogr. s. 64.
080 -Uniwersalna Klasyfikacja Dziesiętna [ , ]
    • 2
    • Identyfikator wydania tablic
    • UDC-P058
    • 9
    • UKD
    • 3869
    • a
    • Symbol klasyfikacji
    • 37.091.217
    • b
    • Dopowiedzenie
    • Pomoc socjalna dla uczniów. Posiłki w szkole. Dojazdy do szkoły. Kolonie. Wczasy. Wycieczki szkolne. Zielone szkoły.
    • 4
    • UKD2
    • 18448
    • x
    • Poddział wspólny
    • (438-16)
    • c
    • Dopowiedzenie poddz. wspólnego
    • (Polska północno-zachodnia).
    • 4
    • UKD2
    • 8168
    • x
    • Poddział wspólny
    • (083.1)
    • c
    • Dopowiedzenie poddz. wspólnego
    • (Przepisy. Instrukcje. Poradniki praktyczne).
080 -Uniwersalna Klasyfikacja Dziesiętna [ , ]
    • 2
    • Identyfikator wydania tablic
    • UDC-P058
    • 9
    • UKD
    • 6770
    • a
    • Symbol klasyfikacji
    • 908
    • b
    • Dopowiedzenie
    • Krajoznawstwo.
    • 4
    • UKD2
    • 8168
    • x
    • Poddział wspólny
    • (083.1)
    • c
    • Dopowiedzenie poddz. wspólnego
    • (Przepisy. Instrukcje. Poradniki praktyczne).
650 -Hasło przedmiotowe [ ,7]
    • a
    • Hasło przedmiotowe
    • Wycieczki szkolne
    • z
    • Określnik geograficzny
    • Polska
    • z
    • Określnik geograficzny
    • Pomorze Zachodnie (region)
    • v
    • Określnik formalny
    • poradniki.
    • 2
    • Źródło terminu
    • kaba
    • 9
    • KHW
    • 361637
651 -Hasło przedmiotowe w formie nazwy geograficznej [ ,7]
    • a
    • Nazwa geograficzna
    • Pomorze Zachodnie (Polska ; region)
    • v
    • Określnik formalny
    • przewodniki.
    • 2
    • Źródło terminu
    • kaba
    • 9
    • KHW
    • 360812
980 -Symbol UKD [ , ]
    • a
    • UKD
    • 37.091.217(438-16):908](083.1)
700 -Hasło dodatkowe - nazwa osobowa [1, ]
    • a
    • Nazwa osobowa (NP)
    • Kamieniecka, Wiesława. Find
    • 9
    • KHW
    • 19474
920 -ISBN [ , ]
    • a
    • ISBN
    • 978-83-61289-16-6 Find
Sygnatura Lokalizacja Data inwentaryzacji Numer inwentarzowy Status udost.
 BG2010-04-13Z.1141381
ZS.77(E-4)BG2010-04-13ZS.771
T.10897T2010-05-20T.10897-2
TM.7210T2010-05-20TM.7210-2